Ảnh hưởng của đa dạng hóa đến hiệu quả hoạt động của các ngân hàng thương mại Việt Nam : Luận văn tốt nghiệp Cao học. Chuyên ngành Tài chính - Ngân hàng

Khái quát thực trạng hiệu quả hoạt động của các ngân hàng thương mại và xác định ảnh hưởng của đa dạng hóa đến hiệu quả hoạt động của các ngân hàng thương mại Việt Nam.

שמור ב:
מידע ביבליוגרפי
מחבר ראשי: Trần, Hồng Ngọc
פורמט: ספר
שפה:Undetermined
יצא לאור: Cần Thơ Trường Đại học Cần Thơ 2019
נושאים:
תגים: הוספת תג
אין תגיות, היה/י הראשונ/ה לתייג את הרשומה!
Thư viện lưu trữ: Trung tâm Học liệu Trường Đại học Cần Thơ
LEADER 01152nam a2200217Ia 4500
001 CTU_231836
008 210402s9999 xx 000 0 und d
082 |a 332.12 
082 |b Ng419 
088 |a 8340201 
100 |a Trần, Hồng Ngọc 
245 0 |a Ảnh hưởng của đa dạng hóa đến hiệu quả hoạt động của các ngân hàng thương mại Việt Nam : 
245 0 |b Luận văn tốt nghiệp Cao học. Chuyên ngành Tài chính - Ngân hàng 
245 0 |c Trần Hồng Ngọc ; Lê Tấn Nghiêm (Cán bộ hướng dẫn) 
260 |a Cần Thơ 
260 |b Trường Đại học Cần Thơ 
260 |c 2019 
520 |a Khái quát thực trạng hiệu quả hoạt động của các ngân hàng thương mại và xác định ảnh hưởng của đa dạng hóa đến hiệu quả hoạt động của các ngân hàng thương mại Việt Nam. 
650 |a Banks and banking,Ngân hàng và nghiệp vụ ngân hàng 
910 |b nthai 
980 |a Trung tâm Học liệu Trường Đại học Cần Thơ